ბათუმის შოთა რუსთაველის სახელმწიფო უნივერსიტეტის ბიბლიოთეკა

მოგზაურობა საქართველოს რუკაზე : (ბიბ.ჩანაწერი № 59850)

000 -ლიდერი
ფიქსირებული სიგრძის საკონტროლო ველი 01076nam a2200193 4500
003 - საკონტროლო ნომრის იდენტიფიკატორი
საკონტროლო ველი Ge_BSU
005 - ბოლო ოპერაციის თარიღი და დრო
საკონტროლო ველი 20230428115952.0
008 - ფიქსირებული სიგრძის მონაცემთა ელემენტები - ზოგადი ინფორმაცია
ფიქსირებული სიგრძის საკონტროლო ველი 230428s1983 ge ||||| |||| 00| 0 geo d
041 ## - ენის კოდი
Language code of text/sound track or separate title geo
080 ## - უნივერსალური ათობითი კლასიფიკაციის ინდექსი
Universal Decimal Classification number 913(479.22)(084.3) ბ-32
100 ## - მთავარი ჩანაწერი - პიროვნების სახელი
Personal name პეტრიაშვილი, ოლგა
9 (RLIN) 17857
245 ## - ცნობა სათაურის შესახებ
Title მოგზაურობა საქართველოს რუკაზე :
Remainder of title დამხმარე მასალა გეოგრაფიაში [V-IX კლ. მოსწავლეთათვის] /
Statement of responsibility, etc ოლგა პეტრიაშვილი; რედ. ლ. ჩიკვილაძე.
264 ## - წარმოების, გამოცემის, დისტრიბუციის და სხვა ცნობები
გამოცემის, წარმოების, დისტრიბუციის... ადგილი თბილისი :
გამოცემის, წარმოების, დისტრიბუციის... სახელწოდება განათლება,
გამოცემის, წარმოების, დისტრიბუციის... თარიღი 1983.
300 ## - ფიზიკური აღწერა
Extent 89 გვ. :
Other physical details 1 ფ. რუკა ;
Dimensions 21 სმ.
653 ## - INDEX TERM--UNCONTROLLED
Uncontrolled term საქართველოს რუკა
653 ## - INDEX TERM--UNCONTROLLED
Uncontrolled term საქართველოს გეოგრაფიის სწავლების მეთოდიკა.
700 ## - ADDED ENTRY--PERSONAL NAME
Personal name ჩიკვილაძე, ლ.
Relator term რედაქტორი
9 (RLIN) 819
942 ## - ADDED ENTRY ELEMENTS (KOHA)
Source of classification or shelving scheme
Koha item type წიგნი
ეგზემპლარები
ჩამოწერის სტატუსი დაკარგული ეგზემპლარის სტატუსი კლასიფიკაციის წყარო ან თაროზე გაწყობის სქემა დაზიანების სტატუსი არ გაიცემა მუდმივი მდებარეობა (დაცვის ადგილი) ამჟამინდელი ადგილსამყოფელი თაროზე განთავსების ადგილი შეძენის თარიღი ღირებულება, შესყიდვის ნორმალური ფასი სრული შენახვის შიფრი შტრიხკოდი ბოლო ოპერაციის თარიღი ეგზემპლარის მიმდევრობითი ნომერი (კეტერი?) Uniform Resource Identifier ფასის ძალაში შესვლის თარიღი ეგზემპლარის სახეობა საჯარო შენიშვნა
          ბათუმის შოთა რუსთაველის სახელმწიფო უნივერსიტეტის მთავარი ბიბლიოთეკა ბათუმის შოთა რუსთაველის სახელმწიფო უნივერსიტეტის მთავარი ბიბლიოთეკა წიგნსაცავი 2023-04-28 3.00 913(479.22)(084.3) ბ-32 64300 2023-04-28 64300 ბსუ-ს საპატიო დოქტორის გურამ ლორთქიფანიძის საჩუქარი 2023-04-28 წიგნი 3 ლ.